Statistics for Super Smash Bros Ultimate All Characters

Click here to take the quiz!

General Stats

  • This quiz has been taken 40 times
    (23 since last reset)
  • The average score is 64 of 73

Answer Stats

Number Series Character % Correct
1Super Mario BrosMario
100%
9Super Mario BrosLuigi
100%
17The Legend of ZeldaZelda
100%
15Ice ClimberIce Climbers
100%
13Super Mario BrosPeach
100%
11F-ZeroCaptain Falcon
100%
2Donkey Kong CountryDonkey Kong
100%
7Star FoxFox
100%
3The Legend of ZeldaLink
100%
6KirbyKirby
100%
5Yoshi's IslandYoshi
100%
4eMetroidDark Samus
100%
4MetroidSamus
100%
33-35PokemonPokemon Trainer
93%
25Fire EmblemRoy
93%
21Fire EmblemMarth
93%
20Star FoxFalco
93%
8PokemonPikachu
93%
19PokemonPichu
93%
30WarioWareWario
93%
14Super Mario BrosBowser
93%
10MotherNess
93%
16The Legend of ZeldaSheik
93%
57XenobladeShulk
87%
60eStreet FighterKen
87%
56Fire EmblemRobin
87%
55Pac-ManPac-Man
87%
51-53MiiMii Fighters
87%
47Wii FitWii Fit Trainer
87%
69PokemonIncineroar
87%
42R.O.B.R.O.B.
87%
41PokemonLucario
87%
38Sonic the HedgehogSonic
87%
37MotherLucas
87%
32Fire EmblemIke
87%
31Metal Gear SolidSnake
87%
24PokemonMewtwo
87%
13eSuper Mario BrosDaisy
87%
21eFire EmblemLucina
87%
22The Legend of ZeldaYoung Link
87%
23The Legend of ZeldaGanondorf
87%
70Super Mario BrosPiranha Plant
87%
40PikminOlimar
80%
58Super Mario BrosBowser Jr.
80%
12PokemonJigglypuff
80%
68Animal CrossingIsabelle
80%
67Donkey Kong CountryKing K. Rool
80%
66eCastlevaniaRichter
80%
66CastlevaniaSimon Belmont
80%
65MetroidRidley
80%
64SplatoonInkling
80%
63BayonettaBayonetta
80%
62Fire EmblemCorrin
80%
61Final FantasyCloud
80%
28eKid IcarusDark Pit
80%
60Street FighterRyu
80%
59Duck HuntDuck Hunt Duo
80%
18Super Mario BrosDoctor Mario
80%
26Game & WatchMr. Game & Watch
80%
36Donkey Kong CountryDiddy Kong
80%
28Kid IcarusPit
80%
29MetroidZero Suit Samus
80%
27KirbyMeta Knight
80%
50PokemonGreninja
80%
49Punch-Out!!Little Mac
80%
48Super Mario BrosRosalina & Luma
80%
39KirbyKing Dedede
80%
46Mega ManMega Man
80%
45Animal CrossingVillager
80%
44Star FoxWolf
80%
43The Legend of ZeldaToon Link
80%
25eFire EmblemChrom
80%
54Kid IcarusPalutena
80%

Score Distribution

Percentile by Number Answered

Percent of People with Each Score

Your Score History

You have not taken this quiz since the last reset